Matemática 2 : segundo año del ciclo básico /
Guardado en:
| Autor Principal: | |
|---|---|
| Formato: | Libro |
| Publicado: |
Buenos Aires :
Estrada,
1981
|
| Edición: | 8a. ed. |
| Materias: | |
| Etiquetas: |
Agregar Etiqueta
Sin Etiquetas, Sea el primero en etiquetar este registro!
|
| LEADER | 02434nam a22003975a 4500 | ||
|---|---|---|---|
| 001 | CEM.cems006194 | ||
| 008 | 130507s1981##################000#0#####d | ||
| 005 | 20241204105039.0 | ||
| 245 | 1 | 0 | |a Matemática 2 : |b segundo año del ciclo básico / |
| 250 | |a 8a. ed. | ||
| 260 | |a Buenos Aires : |b Estrada, |c 1981 | ||
| 300 | |a 503 p. | ||
| 505 | 0 | |a Numeros reales; Conjuntos y relaciónes; Funciónes: clasificación; Proyección paralela; Homotecia. Semejanza; Semejanza de poligonos; Funciónes trigonometricas; Función afin; Función polinomica; Estructuras algebraicas; Vectores y espacios vectoriales; Producto escalar; Operaciónes con polinomios; Divisibilidad. Transformación en producto; Expresiones algebraicas raciónales; Ecuaciónes e inecuaciónes de primer grado con una incognita; Sistema de ecuaciónes e inecuaciónes de primer grado; Hacia el numero Pi. 18 poligonos regulares; Figuras circulares; Funciónes circulares | |
| 100 | 1 | |a Tapia, Nelly Vazquez De | |
| 082 | 0 | 4 | |a 510 |
| 653 | |a C. basico 1994 | ||
| 653 | |a Interes | ||
| 653 | |a Interes | ||
| 653 | |a Magnitudes | ||
| 653 | |a Matematica | ||
| 859 | |a CEMS |b BIB. CEMS - 11 de abril |h 510 |i T162a8 |p 11598.83 |t Ej.1 |v II |3 II | ||
| 859 | |a CEMS |b BIB. CEMS - 11 de abril |h 510 |i T162a8 |p 11600.83 |t Ej.3 |v II |3 II | ||
| 859 | |a CEMS |b BIB. CEMS - 11 de abril |h 510 |i T162a8 |p 11601.83 |t Ej.4 |v II |3 II | ||
| 859 | |a CEMS |b BIB. CEMS - 11 de abril |h 510 |i T162a8 |p 11603.83 |t Ej.6 |v II |3 II | ||
| 859 | |a CEMS |b BIB. CEMS - 11 de abril |h 510 |i T162a8 |p 11604.83 |t Ej.7 |v II |3 II | ||
| 859 | |a CEMS |b BIB. CEMS - 11 de abril |h 510 |i T162a8 |p 11605.83 |t Ej.8 |v II |3 II | ||
| 859 | |a CEMS |b BIB. CEMS - 11 de abril |h 510 |i T162a8 |p 11608.83 |t Ej.11 |v II |3 II | ||
| 859 | |a CEMS |b BIB. CEMS - 11 de abril |h 510 |i T162a8 |p 11609.83 |t Ej.12 |v II |3 II | ||
| 859 | |a CEMS |b BIB. CEMS - 11 de abril |h 510 |i T162a8 |p 11665.83 |t Ej.15 |v II |3 II | ||
| 859 | |a CEMS |b BIB. CEMS - 11 de abril |h 510 |i T162a8 |p 11666.83 |t Ej.16 |v II |3 II | ||
| 859 | |a CEMS |b BIB. CEMS - 11 de abril |h 510 |i T162a8 |p 11667.83 |t Ej.17 |v II |3 II | ||
| 859 | |a CEMS |b BIB. CEMS - 11 de abril |h 510 |i T162a8 |p 11668.83 |t Ej.18 |v II |3 II | ||
| 859 | |a CEMS |b BIB. CEMS - 11 de abril |h 510 |i T162a8 |p 17902.94 |t Ej.22 |v II |3 II | ||
| 859 | |a CEMS |b BIB. CEMS - 11 de abril |h 510 |i T162a8 |p 17903.94 |t Ej.23 |v II |3 II | ||
| 859 | |a CEMS |b BIB. CEMS - 11 de abril |h 510 |i T162a8 |p 17904.94 |t Ej.24 |v II |3 II | ||
| 859 | |a CEMS |b BIB. CEMS - 11 de abril |h 510 |i T162a8 |p 17905.94 |t Ej.25 |v II |3 II | ||
